Statistiques concernant 1 image = 1 série TV

Cliquez ici pour prendre le quiz!

Statistiques générales

  • Ce quiz a été pris 517 fois
  • Le résultat moyen est 10 sur 15

Statistiques - réponses

Réponse% Correct
La casa de Papel
95%
Grey's Anatomy
89%
Un gars, une fille
88%
Prison Break
86%
Docteur House
82%
NCIS
74%
Game of Thrones
69%
Kaamelott
64%
Friends
63%
Charmed
52%
Desperate Housewives
51%
Urgences
45%
Capitaine Marleau
39%
Julie Lescaut
36%
X-Files
34%

Distribution des résultats

Percentile par nombre de réponses

% des personnes avec chaque résultat

Votre développement - résultats

Vous n’avez pas pris ce quiz